| 000 | 01305cam a2200409 i 4500 | ||
|---|---|---|---|
| 001 | 38604 | ||
| 003 | KOSZ 005 | ||
| 005 | 20250611132258.0 | ||
| 008 | 250611s2000 pl a f 001 0 pol d | ||
| 020 | _a837197311X | ||
| 040 |
_cKOSZ 005 _aKOSZ 005/HR _dKOSZ 005/RW |
||
| 041 | 1 |
_apol _heng |
|
| 046 | _k2000 | ||
| 080 | _a004.42 | ||
| 080 | _a(07) | ||
| 100 | 1 |
_aRoman, Steven _eAutor |
|
| 245 | 1 | 0 |
_aExcel : _bmakrodefinicje / _cSteven Roman ; [tłumaczenie Marcin Pancewicz]. |
| 246 |
_iTytuł oryginału: _aWriting Excel macros |
||
| 260 |
_aGliwice : _b"Helion", _ccopyright 2000. |
||
| 300 |
_a532 strony : _bilustracje ; _c24 cm. |
||
| 336 |
_aTekst _btxt _2rdacontent |
||
| 337 |
_aBez urządzenia pośredniczącego _bn _2rdamedia |
||
| 338 |
_aWolumin _bnc _2rdacarrier |
||
| 380 | _aKsiążki | ||
| 380 | _aPublikacje dydaktyczne | ||
| 380 | _aPublikacje fachowe | ||
| 388 | 1 | _a1901-2000 | |
| 388 | 1 | _a1989-2000 | |
| 500 | _aOryginał: "Writing Excel macros". | ||
| 504 | _aIndeks. | ||
| 650 | 7 | _aExcel | |
| 655 | _aPodręcznik | ||
| 658 | _aInformatyka i technologie informacyjne | ||
| 710 | 2 |
_aHelion _4pbl |
|
| 856 |
_uhttp://koha.tu.koszalin.pl/cgi-bin/koha/opac-detail.pl?biblionumber=38604 _yKatalog online BPK |
||
| 942 |
_2UKD _cKS |
||
| 999 |
_c38604 _d38604 |
||